| 000 | 00868cam a2200229 4500 | ||
|---|---|---|---|
| 001 | WB3645-29 | ||
| 008 | 000000n2000 000 0 eng u | ||
| 035 | _a(Sirsi) u109356 | ||
| 245 | _aProgramme for inner cities | ||
| 260 | _c2000 | ||
| 490 |
_aFinancial Times _v 10 November 2000, 4 |
||
| 490 |
_aFinancial Times Money _v 11/12 November 2000, 8(2) |
||
| 520 | _aDiscusses government's proposed £1bn regeneration package for inner cities. The experts' reaction is that the aid programme is unlikely to have a significant impact on UK's long-term neglect on renewing housing. Also considers the tax perks for investors under the scheme. Graphs. | ||
| 590 | _aWB | ||
| 650 | _aINNER CITIES | ||
| 650 | _aHOUSING INVESTMENT | ||
| 650 | _aTAX RELIEF | ||
| 650 | _aGOVERNMENT POLICY | ||
| 650 | _aBUDGET PROPOSALS | ||
| 690 | _aREGENERATION | ||
| 942 | _n0 | ||
| 999 |
_c65275 _d65275 |
||